Budovanie tímu

Profesionálne tímy. Úlohy vedúceho tímu. Delegovanie úloh. Kompetecie pri delegovaní. Deväť tímových rolí.

Gespeichert in:
Bibliographische Detailangaben
Format: Buchkapitel
Sprache:Slowakisch
Schlagworte:
Tags: Tag hinzufügen
Keine Tags, Fügen Sie das erste Tag hinzu!

MARC

LEADER 00000naa$a2200000$$$4500
001 0085700
005 20230929121740.7
041 0 |a slo 
044 |a SK 
245 1 0 |a Budovanie tímu 
520 |a Profesionálne tímy. Úlohy vedúceho tímu. Delegovanie úloh. Kompetecie pri delegovaní. Deväť tímových rolí. 
610 2 0 |a tímy pracovné 
610 2 0 |a manažéri 
610 2 0 |a kompetencie 
610 2 0 |a delegovanie právomoci 
610 2 0 |a skupiny pracovné 
610 2 0 |a štýl pracovný 
610 2 0 |a štýl vedenia